| 000 | 00399nam a22001697a 4500 | ||
|---|---|---|---|
| 999 |
_c2344 _d2343 |
||
| 005 | 20211007125538.0 | ||
| 008 | 160601b xxu||||| |||| 00| 0 eng d | ||
| 020 | _a81-7808-270-5 | ||
| 041 | _aeng | ||
| 082 | _b6733 | ||
| 100 |
_aBester field, dale H others _91665 |
||
| 245 | _aTotal Quality Management | ||
| 260 |
_bPearsons _c2001 |
||
| 300 | _a511 | ||
| 650 |
_aManagement _9241 |
||
| 942 | _cBK | ||